KOHA-Header-6

Cost Accounting Planning and Control (Record no. 2826)

000 -LEADER
fixed length control field 00314nam a2200121Ia 4500
008 - FIXED-LENGTH DATA ELEMENTS--GENERAL INFORMATION
fixed length control field 190902s9999||||xx |||||||||||||| ||und||
020 ## - INTERNATIONAL STANDARD BOOK NUMBER
International Standard Book Number 978-969-407-391-0
100 ## - MAIN ENTRY--PERSONAL NAME
Personal name Adolph Matz
245 #0 - TITLE STATEMENT
Title Cost Accounting Planning and Control
260 ## - PUBLICATION, DISTRIBUTION, ETC. (IMPRINT)
Place of publication, distribution, etc New Delhi
Name of publisher, distributor, etc Cengage Learning
Date of publication, distribution, etc 2013
300 ## - PHYSICAL DESCRIPTION
Extent 899
942 ## - ADDED ENTRY ELEMENTS (KOHA)
Koha item type Books
Holdings
Withdrawn status Lost status Source of classification or shelving scheme Damaged status Not for loan Collection code Permanent Location Current Location Shelving location Date acquired Total Checkouts Total Renewals Barcode Date last seen Date checked out Price effective from Koha item type
            MAJU MAJU   2019-09-02 7 6 6491 2022-09-30 2022-09-12 2019-09-02 Accounting

Powered by Koha